Community as partner : (Record no. 10914)
[ view plain ]
| 000 -LEADER | |
|---|---|
| fixed length control field | 03342cam a22004454a 4500 |
| 001 - CONTROL NUMBER | |
| control field | 14552727 |
| 005 - DATE AND TIME OF LATEST TRANSACTION | |
| control field | 20070427084907.0 |
| 008 - FIXED-LENGTH DATA ELEMENTS--GENERAL INFORMATION | |
| fixed length control field | 060913s2008 paua b 001 0 eng |
| 010 ## - LIBRARY OF CONGRESS CONTROL NUMBER | |
| LC control number | 2006030587 |
| 016 7# - NATIONAL BIBLIOGRAPHIC AGENCY CONTROL NUMBER | |
| Record control number | 101287324 |
| Source | DNLM |
| 020 ## - INTERNATIONAL STANDARD BOOK NUMBER | |
| International Standard Book Number | 9780781786430 |
| 020 ## - INTERNATIONAL STANDARD BOOK NUMBER | |
| International Standard Book Number | 0781786436 |
| 035 ## - SYSTEM CONTROL NUMBER | |
| System control number | (OCoLC)ocm71350537 |
| 035 ## - SYSTEM CONTROL NUMBER | |
| System control number | (OCoLC)71350537 |
| 040 ## - CATALOGING SOURCE | |
| Original cataloging agency | DNLM/DLC |
| Transcribing agency | DLC |
| Modifying agency | NLM |
| -- | BAKER |
| -- | C#P |
| -- | YDXCP |
| -- | YDX |
| -- | BTCTA |
| -- | DLC |
| 042 ## - AUTHENTICATION CODE | |
| Authentication code | pcc |
| 050 00 - LIBRARY OF CONGRESS CALL NUMBER | |
| Classification number | RT98 |
| Item number | .A533 2008 |
| 060 00 - NATIONAL LIBRARY OF MEDICINE CALL NUMBER | |
| Classification number | 2007 B-272 |
| 060 10 - NATIONAL LIBRARY OF MEDICINE CALL NUMBER | |
| Classification number | WY 106 |
| Item number | A546ca 2008 |
| 082 00 - DEWEY DECIMAL CLASSIFICATION NUMBER | |
| Classification number | 610.7343 |
| Edition number | 22 |
| Item number | AND |
| 100 1# - MAIN ENTRY--PERSONAL NAME | |
| Personal name | Anderson, Elizabeth T. |
| 245 10 - TITLE STATEMENT | |
| Title | Community as partner : |
| Remainder of title | theory and practice in nursing / |
| Statement of responsibility, etc | Elizabeth T. Anderson, Judith McFarlane. |
| 250 ## - EDITION STATEMENT | |
| Edition statement | 5th ed. |
| 260 ## - PUBLICATION, DISTRIBUTION, ETC. (IMPRINT) | |
| Place of publication, distribution, etc | Philadelphia : |
| Name of publisher, distributor, etc | Lippincott Williams & Wilkins, |
| Date of publication, distribution, etc | c2008. |
| 300 ## - PHYSICAL DESCRIPTION | |
| Extent | viii, 488 p. : |
| Other physical details | ill. ; |
| Dimensions | 24 cm. |
| 504 ## - BIBLIOGRAPHY, ETC. NOTE | |
| Bibliography, etc | Includes bibliographical references and index. |
| 505 0# - FORMATTED CONTENTS NOTE | |
| Formatted contents note | Community health nursing: essentials of practice / Shirley Hutchinson, Elizabeth T. Anderson, and Janet Gottschalk -- Epidemiology, demography, and community health / Sandra A. Cashaw -- Environment and the health of communities / Ruth Grubesic -- Ethical quandaries in community health nursing / Susan Scoville Walker -- Community empowerment and healing / Bruce Leonard -- Cultural competence: common ground for partnerships in health care / Judith C. Drew -- Partnering with communities for healthy public policy / Julia Henderson Gist -- Informatics and community health nursing / Teresa J. Walsh -- Preventing and managing community emergencies: disasters and infectious diseases / Elnora P. Mendias and Deanna E. Grimes -- A model to guide practice / Elizabeth T. Anderson -- |
| 505 0# - FORMATTED CONTENTS NOTE | |
| Formatted contents note | Community assessment / Elizabeth T. Anderson and Judith McFarlane -- Community analysis and nursing diagnosis / Elizabeth T. Anderson and Judith McFarlane -- Planning a community health program / Elizabeth T. Anderson and Judith McFarlane -- Implementing a community health program / Elizabeth T. Anderson and Judith McFarlane -- Evaluating a community health program / Elizabeth T. Anderson and Judith McFarlane -- Promoting healthy partnerships with refugees and immigrants / Charles Kemp -- Promoting healthy partnerships with schools / Nina Fredland -- Promoting healthy partnerships with faith-based organizations / Nina Fredland -- Promoting healthy partnerships with marginalized groups / Nina Fredland -- Promoting healthy partnerships in the workplace / Ann Malecha and Pam Willson -- Promoting healthy partnerships with community elders / Shirley Hutchinson. |
| 650 #0 - SUBJECT ADDED ENTRY--TOPICAL TERM | |
| Topical term or geographic name as entry element | Community health nursing. |
| 650 12 - SUBJECT ADDED ENTRY--TOPICAL TERM | |
| Topical term or geographic name as entry element | Community Health Nursing. |
| 650 22 - SUBJECT ADDED ENTRY--TOPICAL TERM | |
| Topical term or geographic name as entry element | Health Promotion. |
| 650 22 - SUBJECT ADDED ENTRY--TOPICAL TERM | |
| Topical term or geographic name as entry element | Nurse's Role. |
| 650 22 - SUBJECT ADDED ENTRY--TOPICAL TERM | |
| Topical term or geographic name as entry element | Nursing Theory. |
| 700 1# - ADDED ENTRY--PERSONAL NAME | |
| Personal name | McFarlane, Judith M. |
| 856 41 - ELECTRONIC LOCATION AND ACCESS | |
| Materials specified | Table of contents only |
| Uniform Resource Identifier | <a href="http://www.loc.gov/catdir/toc/ecip071/2006030587.html">http://www.loc.gov/catdir/toc/ecip071/2006030587.html</a> |
| 856 42 - ELECTRONIC LOCATION AND ACCESS | |
| Materials specified | Publisher description |
| Uniform Resource Identifier | <a href="http://www.loc.gov/catdir/enhancements/fy0712/2006030587-d.html">http://www.loc.gov/catdir/enhancements/fy0712/2006030587-d.html</a> |
| 942 ## - ADDED ENTRY ELEMENTS (KOHA) | |
| Source of classification or shelving scheme | Dewey Decimal Classification |
| Item type | Book - Borrowing |
| Withdrawn status | Item status | Source of classification or shelving scheme | Damaged status | Not for loan | Vendor | Home library | Current library | Shelving location | Date acquired | Source of acquisition | Cost, normal purchase price | Serial Enumeration / chronology | Total Checkouts | Total Renewals | Full call number | Barcode | Date last seen | Date last borrowed | Koha item type |
|---|---|---|---|---|---|---|---|---|---|---|---|---|---|---|---|---|---|---|---|
| Dewey Decimal Classification | Baccah | Central Library | Central Library | First floor | 22/02/2009 | 320.00 | 6996 | 6 | 22 | 610.7343 AND | 000014921 | 15/07/2025 | 01/10/2012 | NB - Book (Non borrowing) |